[Event "SLO-chT 28th"]
[Site "Slovenia"]
[Date "2018.11.03"]
[Round "2.1"]
[White "Breznik, Kristijan"]
[Black "Markun, Bostjan"]
[Result "0-1"]
[WhiteElo "2211"]
[BlackElo "2268"]
[PlyCount "98"]
[EventDate "2018.11.02"]
[EventType "team-tourn"]
[EventRounds "9"]
[EventCountry "SLO"]
[SourceTitle "CBM 187 Extra"]
[Source "ChessBase"]
[SourceDate "2018.11.04"]
[SourceVersion "1"]
[SourceVersionDate "2018.11.04"]
[SourceQuality "1"]
[WhiteTeam "Slovenska Bistrica Impol"]
[BlackTeam "Tomo Zupan Kranj"]
[WhiteTeamCountry "SLO"]
[BlackTeamCountry "SLO"]

1. e4 e5 2. Nf3 Nc6 3. Bc4 Nf6 4. d3 Be7 5. 0-0 0-0 6. a4 d5 7. exd5 Nxd5 8. Re1 Bg4 9. h3 Bh5 10. g4 Bg6 11. Nxe5 Nxe5 12. Rxe5 Nb6 13. Bb3 Bd6 14. Re1 Qh4 15. Qf3 Kh8 16. Bf4 Qf6 17. h4 h5 18. gxh5 Bh7 19. a5 Nd7 20. Ra4 Nc5 21. Qg4 Nxa4 22. Bxd6 Qxd6 23. Qxa4 c6 24. Nd2 Rae8 25. Rxe8 Rxe8 26. Qg4 Qf6 27. Nf3 Bf5 28. Qg5 Be6 29. Qxf6 gxf6 30. Bxe6 fxe6 31. Nd4 Kg7 32. a6 bxa6 33. b4 Kh6 34. Kg2 Kxh5 35. Kf3 Kxh4 36. Nxc6 Rc8 37. Nd4 e5 38. Nf5+ Kg5 39. Ne3 Rb8 40. c3 Rc8 41. c4 f5 42. c5 a5 43. bxa5 Rxc5 44. Nc4 Rd5 45. Ke3 Kg4 46. a6 Kg5 47. f3 Rc5 48. Nd6 Rc6 49. Nc4 Kf6 0-1

[Event "SLO-chT 28th"]
[Site "Slovenia"]
[Date "2018.11.02"]
[Round "1.5"]
[White "Breznik, Kristijan"]
[Black "Urbanc, Peter"]
[Result "0-1"]
[WhiteElo "2211"]
[BlackElo "2280"]
[PlyCount "123"]
[EventDate "2018.11.02"]
[EventType "team-tourn"]
[EventRounds "9"]
[EventCountry "SLO"]
[SourceTitle "CBM 187 Extra"]
[Source "ChessBase"]
[SourceDate "2018.11.04"]
[SourceVersion "1"]
[SourceVersionDate "2018.11.04"]
[SourceQuality "1"]
[WhiteTeam "Slovenska Bistrica Impol"]
[BlackTeam "Krsko Triglav"]
[WhiteTeamCountry "SLO"]
[BlackTeamCountry "SLO"]

1. e4 d6 2. d4 Nf6 3. Nc3 Nbd7 4. Nf3 e5 5. Be2 Be7 6. 0-0 0-0 7. Bg5 c6 8. Qd2 Qc7 9. a4 Re8 10. Rfd1 Nf8 11. h3 Ne6 12. Be3 Bf8 13. d5 Nc5 14. Bxc5 dxc5 15. dxc6 bxc6 16. Bc4 Be6 17. Qe2 Rab8 18. b3 Bxc4 19. Qxc4 Rb4 20. Qe2 Qa5 21. g3 h6 22. Kg2 Re6 23. Qe1 Qc7 24. Nd2 Rd4 25. Nc4 Qc8 26. f3 Nh5 27. Ne2 Be7 28. c3 Rxc4 29. bxc4 Qa6 30. Qd2 Bg5 31. Qd3 Rg6 32. Kh2 Kh7 33. h4 Bf6 34. g4 Nf4 35. Nxf4 exf4 36. e5 Bxh4 37. Qe4 Bg3+ 38. Kg2 Qa5 39. Rd3 Qb6 40. Rad1 Qb3 41. Rd6 Qxc3 42. R1d2 Bh4 43. Re2 Qc1 44. e6 fxe6 45. Rxe6 Bf6 46. Re8 Bd4 47. Re1 Qb2+ 48. Qe2 Qb3 49. Qe4 Qa2+ 50. Kh1 Qf2 51. Qe2 Qh4+ 52. Qh2 Qg5 53. R8e6 Be3 54. Rxg6 Kxg6 55. a5 Qd8 56. Qh5+ Kh7 57. Rb1 Kg8 58. Kh2 Bd2 59. Rb7 Bc3 60. Kh3 Bf6 61. Rxa7 Qb8 62. Qf7+ 0-1

[Event "SLO-chT 27th"]
[Site "Slovenia"]
[Date "2017.12.09"]
[Round "8.5"]
[White "Suta, Andraz"]
[Black "Breznik, Kristijan"]
[Result "1/2-1/2"]
[WhiteElo "2204"]
[BlackElo "2177"]
[PlyCount "61"]
[EventDate "2017.09.29"]
[EventType "team-tourn"]
[EventRounds "9"]
[EventCountry "SLO"]
[SourceTitle "EXT 2019"]
[Source "ChessBase"]
[SourceDate "2018.10.10"]
[SourceVersion "1"]
[SourceVersionDate "2018.10.10"]
[SourceQuality "1"]
[WhiteTeam "Ptuj"]
[BlackTeam "Slovenska Bistrica Impol"]
[WhiteTeamCountry "SLO"]
[BlackTeamCountry "SLO"]

1. e4 e5 2. Nf3 Nf6 3. Nxe5 d6 4. Nf3 Nxe4 5. d3 Nf6 6. d4 d5 7. Be2 Be7 8. 0-0 0-0 9. Bf4 h6 10. c4 Nc6 11. h3 Be6 12. cxd5 Nxd5 13. Bg3 Bd6 14. Bxd6 Qxd6 15. Nc3 Nxc3 16. bxc3 Rad8 17. Qc2 Rfe8 18. Bd3 Bd5 19. Nd2 Re7 20. Rfe1 Rde8 21. Rxe7 Rxe7 22. Bc4 Re8 23. Bxd5 Qxd5 24. Nf3 Qe4 25. Qxe4 Rxe4 26. Re1 Rxe1+ 27. Nxe1 Kf8 28. Kf1 Ke7 29. Ke2 Kd6 30. Nf3 Kd5 31. Kd3 1/2-1/2

[Event "SLO-chT"]
[Site "Slovenia"]
[Date "2016.11.13"]
[Round "6.2"]
[White "Brinovec, David"]
[Black "Breznik, Kristijan"]
[Result "1/2-1/2"]
[WhiteElo "2120"]
[BlackElo "2176"]
[PlyCount "55"]
[EventDate "2016.10.14"]
[EventType "team-tourn"]
[EventRounds "9"]
[EventCountry "SLO"]
[SourceTitle "CBM 175 Extra"]
[Source "ChessBase"]
[SourceDate "2016.12.12"]
[SourceVersion "1"]
[SourceVersionDate "2016.12.12"]
[SourceQuality "1"]
[WhiteTeam "Zalec"]
[BlackTeam "Impol Slovenska Bistrica"]
[WhiteTeamCountry "SLO"]
[BlackTeamCountry "SLO"]

1. e4 c5 2. c3 d5 3. exd5 Qxd5 4. d4 g6 5. Be3 Bg7 6. Na3 cxd4 7. Nb5 Qd8 8. Bxd4 Nf6 9. Bxa7 Bd7 10. Bxb8 Qxb8 11. Nf3 0-0 12. Be2 Rd8 13. Qb3 Qf4 14. 0-0 Ne4 15. Rfd1 Bc6 16. Rxd8+ Rxd8 17. Rd1 Nd2 18. Nxd2 Rxd2 19. Rxd2 Qxd2 20. Bf1 Be5 21. Qb4 Qd1 22. Nd4 Bxg2 23. Kxg2 Qg4+ 24. Kh1 Qf4 25. Kg2 Qg4+ 26. Kh1 Qf4 27. Kg2 Qg4+ 28. Kh1 1/2-1/2

[Event "SLO-chT"]
[Site "Slovenia"]
[Date "2016.11.11"]
[Round "4.1"]
[White "Praznik, Anton"]
[Black "Breznik, Kristijan"]
[Result "0-1"]
[WhiteElo "2127"]
[BlackElo "2176"]
[PlyCount "86"]
[EventDate "2016.10.14"]
[EventType "team-tourn"]
[EventRounds "9"]
[EventCountry "SLO"]
[SourceTitle "CBM 175 Extra"]
[Source "ChessBase"]
[SourceDate "2016.12.12"]
[SourceVersion "1"]
[SourceVersionDate "2016.12.12"]
[SourceQuality "1"]
[WhiteTeam "Vrhnika"]
[BlackTeam "Impol Slovenska Bistrica"]
[WhiteTeamCountry "SLO"]
[BlackTeamCountry "SLO"]

1. e4 c5 2. Nf3 Nc6 3. Bb5 g6 4. Bxc6 dxc6 5. h3 e5 6. Nc3 f6 7. d3 Nh6 8. Be3 Nf7 9. Qe2 Be6 10. a4 a5 11. 0-0 g5 12. Nd2 h5 13. Nc4 Qc7 14. b3 0-0-0 15. Bd2 b6 16. Nd1 Bh6 17. g4 Rh7 18. Kg2 Rdh8 19. Nde3 Bf8 20. Rh1 Kb7 21. f3 Nd6 22. Rag1 Rh6 23. Nf5 Bxf5 24. gxf5 R6h7 25. Kf2 Bh6 26. Ke1 Nxc4 27. bxc4 Ka6 28. Be3 Qg7 29. Kd2 g4 30. Kc3 Bxe3 31. Qxe3 g3 32. h4 Rg8 33. Rh3 g2 34. Qf2 Qd7 35. Rxg2 Qd4+ 36. Kb3 Rxg2 37. Qxg2 b5 38. axb5+ cxb5 39. cxb5+ Kxb5 40. Rg3 Rb7 41. Rg7 Rb6 42. c4+ Ka6+ 43. Ka2 Qc3 0-1

[Event "SLO-chT 25th"]
[Site "Otocec"]
[Date "2015.11.07"]
[Round "5.22"]
[White "Murko, David"]
[Black "Breznik, Kristijan"]
[Result "0-1"]
[WhiteElo "2275"]
[BlackElo "2183"]
[PlyCount "110"]
[EventDate "2015.10.16"]
[EventType "team-tourn"]
[EventRounds "9"]
[EventCountry "SLO"]
[SourceTitle "EXT 2020"]
[Source "ChessBase"]
[SourceDate "2019.10.17"]
[SourceVersion "1"]
[SourceVersionDate "2019.10.17"]
[SourceQuality "1"]
[WhiteTeam "Ptuj"]
[BlackTeam "Impol Slovenska Bistrica"]
[WhiteTeamCountry "SLO"]
[BlackTeamCountry "SLO"]

1. e4 c5 2. Nf3 Nc6 3. Bb5 g6 4. Bxc6 dxc6 5. d3 Nh6 6. h3 f6 7. e5 fxe5 8. Nxe5 Qd5 9. Nf3 Qe6+ 10. Qe2 Nf5 11. Nc3 Qxe2+ 12. Kxe2 Bg7 13. Ne4 b6 14. c3 Nd6 15. Ng3 0-0 16. Re1 Be6 17. Bg5 Rf7 18. Nd2 Bf6 19. Nde4 Nxe4 20. Nxe4 Bd5 21. Be3 c4 22. Nxf6+ exf6 23. f3 cxd3+ 24. Kxd3 Rd8 25. Kc2 Re7 26. Rad1 Rde8 27. Bf2 Re2+ 28. Rxe2 Rxe2+ 29. Rd2 Rxd2+ 30. Kxd2 Bxa2 31. b4 Bc4 32. h4 Kf7 33. Ke3 Ke6 34. Ke4 Bf1 35. g3 Bg2 36. Bd4 f5+ 37. Ke3 Kd5 38. g4 c5 39. Bf6 Kc4 40. bxc5 bxc5 41. gxf5 gxf5 42. f4 a5 43. Kd2 Be4 44. Kc1 Kb3 45. c4 a4 46. Be7 Kxc4 47. Kb2 Kd4 48. Bf8 h5 49. Be7 Ke3 50. Bg5 Kf3 51. Kc3 Bd5 52. Be7 Kxf4 53. Bxc5 Kg3 54. Be7 f4 55. Kd2 f3 0-1

[Event "SLO-chT1 East"]
[Site "Celje"]
[Date "2014.10.18"]
[Round "8"]
[White "Cmor, Nino"]
[Black "Breznik, Kristijan"]
[Result "1/2-1/2"]
[WhiteElo "1956"]
[BlackElo "2158"]
[PlyCount "24"]
[EventDate "2014.10.09"]
[EventType "team-tourn"]
[EventRounds "9"]
[EventCountry "SLO"]
[SourceTitle "EXT 2019"]
[Source "ChessBase"]
[SourceDate "2018.10.10"]
[SourceVersion "1"]
[SourceVersionDate "2018.10.10"]
[SourceQuality "1"]
[WhiteTeam "Radenska Pomgrad II"]
[BlackTeam "Slovenska Bistrica Impol"]
[WhiteTeamCountry "SLO"]
[BlackTeamCountry "SLO"]

1. e4 c5 2. Nf3 Nc6 3. d4 cxd4 4. Nxd4 Nf6 5. Nc3 e5 6. Ndb5 d6 7. Bg5 a6 8. Na3 b5 9. Nd5 Be7 10. Bxf6 Bxf6 11. c4 b4 12. Nc2 Rb8 1/2-1/2

[Event "SLO-CupT"]
[Site "Radenci"]
[Date "2014.05.02"]
[Round "2"]
[White "Breznik, Kristijan"]
[Black "Markoja, Boris"]
[Result "1-0"]
[WhiteElo "2158"]
[BlackElo "2164"]
[PlyCount "139"]
[EventDate "2014.05.02"]
[EventType "team-tourn"]
[EventRounds "7"]
[EventCountry "SLO"]
[SourceTitle "EXT 2019"]
[Source "ChessBase"]
[SourceDate "2018.10.10"]
[SourceVersion "1"]
[SourceVersionDate "2018.10.10"]
[SourceQuality "1"]
[WhiteTeam "Slovenska Bistrica Impol"]
[BlackTeam "Radenska Pomgrad"]
[WhiteTeamCountry "SLO"]
[BlackTeamCountry "SLO"]

1. d4 g6 2. Nf3 Bg7 3. e4 c6 4. Nc3 d5 5. h3 Nh6 6. Bd3 0-0 7. 0-0 f6 8. Re1 Nf7 9. exd5 cxd5 10. Bf4 Nc6 11. Bg3 e5 12. dxe5 fxe5 13. Bb5 e4 14. Nd2 Nd4 15. Ba4 Nf5 16. Nf1 Be6 17. Bb3 Bxc3 18. bxc3 Rc8 19. Ne3 Rxc3 20. Nxf5 gxf5 21. Qd4 Rc8 22. Qxa7 Qg5 23. Qe3 Qg7 24. Rad1 Rcd8 25. Qd4 Qg5 26. Qe3 Qf6 27. Qf4 Rd7 28. Ba4 Rd6 29. Bh4 Qe5 30. Qxe5 Nxe5 31. Be7 Ra6 32. Bxf8 Rxa4 33. Bd6 Nc4 34. Bf4 Rxa2 35. c3 Ra3 36. Rb1 b6 37. Rec1 Kg7 38. Be3 Kg6 39. Bxb6 f4 40. Bd4 f3 41. Ra1 fxg2 42. Rxa3 Nxa3 43. Kxg2 Nc4 44. Ra1 h5 45. Kg3 Kg5 46. Be3+ Nxe3 47. fxe3 h4+ 48. Kg2 Kf6 49. Ra8 Kg6 50. Rh8 Kg5 51. Re8 Kf6 52. Rb8 Kg6 53. Rb1 Kg5 54. Rh1 Kf6 55. Kf2 Ke5 56. Ke2 Kd6 57. Kd2 Kc5 58. Ra1 Bxh3 59. Rh1 Bd7 60. Rxh4 Ba4 61. Rh8 Bb3 62. Rc8+ Kb5 63. Rb8+ Ka4 64. c4 Bxc4 65. Kc3 Ka5 66. Kd4 Ka4 67. Kc5 Ka3 68. Rb4 Bd3 69. Rd4 Kb3 70. Kxd5 1-0

[Event "Wolfsberg op"]
[Site "Wolfsberg"]
[Date "2013.12.30"]
[Round "6"]
[White "Eberhardt, Christian"]
[Black "Breznik, Kristijan"]
[Result "0-1"]
[WhiteElo "1933"]
[BlackElo "2162"]
[PlyCount "70"]
[EventDate "2013.12.26"]
[EventType "swiss"]
[EventRounds "7"]
[EventCountry "AUT"]
[SourceTitle "CBM 158 Extra"]
[Source "ChessBase"]
[SourceDate "2014.02.28"]
[SourceVersion "1"]
[SourceVersionDate "2014.02.28"]
[SourceQuality "1"]

1. d4 d5 2. Nf3 Nf6 3. c4 c6 4. Nc3 a6 5. cxd5 cxd5 6. Bf4 Nc6 7. e3 Bg4 8. Be2 e6 9. 0-0 Bd6 10. Rc1 0-0 11. h3 Bxf3 12. Bxf3 Bxf4 13. exf4 Qb6 14. Ne2 Qxb2 15. Rb1 Qxa2 16. Rxb7 Na5 17. Rb4 Nc4 18. Qc1 Nd2 19. Nc3 Nxf3+ 20. gxf3 Qa5 21. Ra4 Qc7 22. Qe3 Rfc8 23. Ne2 Nd7 24. Rc1 Qb7 25. Rxc8+ Qxc8 26. Ra5 Nb6 27. Rc5 Qd7 28. f5 exf5 29. Nf4 Qd6 30. Qc1 h6 31. Rc6 Qd8 32. Rxb6 Qxb6 33. Nxd5 Qg6+ 34. Kh1 Qh5 35. Qc6 Rb8 0-1

[Event "SLO-chT1 Ost"]
[Site "Maribor"]
[Date "2012.10.13"]
[Round "4"]
[White "Breznik, Kristijan"]
[Black "Gorsek, Gregor"]
[Result "1/2-1/2"]
[WhiteElo "2161"]
[BlackElo "2117"]
[PlyCount "30"]
[EventDate "2012.10.11"]
[EventType "team-tourn"]
[EventRounds "9"]
[EventCountry "SLO"]
[SourceTitle "EXT 2022"]
[Source "ChessBase"]
[SourceDate "2021.10.06"]
[SourceVersion "1"]
[SourceVersionDate "2021.10.06"]
[SourceQuality "1"]

1. e4 g6 2. d4 Bg7 3. Nc3 d6 4. Bc4 e6 5. Bb3 Ne7 6. Bg5 h6 7. Bh4 g5 8. Bg3 Ng6 9. Nge2 Nc6 10. Qd2 0-0 11. 0-0-0 Na5 12. Kb1 Nxb3 13. cxb3 f5 14. f4 fxe4 15. fxg5 b5 1/2-1/2

[Event "SLO-chT1 Ost"]
[Site "Maribor"]
[Date "2012.10.11"]
[Round "1"]
[White "Breznik, Kristijan"]
[Black "Krnjovsek, Andrej"]
[Result "1-0"]
[WhiteElo "2161"]
[BlackElo "2045"]
[PlyCount "101"]
[EventDate "2012.10.11"]
[EventType "team-tourn"]
[EventRounds "9"]
[EventCountry "SLO"]
[SourceTitle "EXT 2022"]
[Source "ChessBase"]
[SourceDate "2021.10.06"]
[SourceVersion "1"]
[SourceVersionDate "2021.10.06"]
[SourceQuality "1"]

1. e4 e5 2. Nf3 Nc6 3. Bc4 Bc5 4. c3 Nf6 5. d3 d6 6. Nbd2 a6 7. a4 0-0 8. Bb3 Bg4 9. h3 Bh5 10. 0-0 Qd7 11. Nc4 h6 12. Be3 Bxe3 13. Nxe3 Bxf3 14. Qxf3 Ne7 15. g4 Ng6 16. Nf5 Nf4 17. Kh2 Kh7 18. Rg1 g6 19. Ng3 Kg7 20. Ne2 Nxe2 21. Qxe2 g5 22. Rg3 Ng8 23. d4 Rad8 24. Rf3 Qe7 25. Re1 Nf6 26. Rf5 Kg6 27. h4 Ne8 28. h5+ Kg7 29. dxe5 dxe5 30. Rf3 Nf6 31. Rf5 Rd6 32. f4 Nd7 33. fxg5 hxg5 34. Rd1 Rxd1 35. Qxd1 Nc5 36. Qd5 f6 37. Rf2 Rd8 38. Qc4 b6 39. Ba2 Qd7 40. a5 Rf8 41. Kg3 Qc6 42. Kf3 b5 43. Qd5 Qxd5 44. Bxd5 Rd8 45. b4 Nd3 46. Rd2 Nf4 47. Ke3 Rd6 48. Bb7 Ne6 49. Rxd6 cxd6 50. Bxa6 Nc7 51. Bb7 1-0

[Event "SLO-chT1 West"]
[Site "Sentjur"]
[Date "2009.10.23"]
[Round "2"]
[White "Slogar, Dubravko"]
[Black "Breznik, Kristijan"]
[Result "1/2-1/2"]
[WhiteElo "2330"]
[BlackElo "2178"]
[PlyCount "128"]
[EventDate "2009.10.22"]
[EventType "team-tourn"]
[EventRounds "9"]
[EventCountry "SLO"]
[SourceTitle "EXT 2010"]
[Source "ChessBase"]
[SourceDate "2010.11.25"]
[SourceVersion "1"]
[SourceVersionDate "2010.11.25"]
[SourceQuality "1"]

1. d4 Nf6 2. Nf3 d5 3. c4 c6 4. Nc3 a6 5. cxd5 cxd5 6. Bf4 Nc6 7. e3 Bf5 8. Bd3 Bxd3 9. Qxd3 e6 10. 0-0 Be7 11. Rfc1 0-0 12. Bg5 Nd7 13. Bxe7 Qxe7 14. Na4 Rac8 15. Qd2 Qb4 16. Qxb4 Nxb4 17. a3 Nd3 18. Rd1 b5 19. Rxd3 bxa4 20. b3 Rc2 21. bxa4 Rb8 22. Ne1 Rc4 23. a5 Rb5 24. Rd2 Rxa5 25. Rb2 Rc3 26. a4 Rc4 27. Rb7 Nf8 28. Nd3 Rcxa4 29. Rxa4 Rxa4 30. h4 f6 31. h5 Ra1+ 32. Kh2 a5 33. h6 gxh6 34. Nf4 a4 35. Nh5 Ng6 36. Nxf6+ Kf8 37. Rxh7 Ne7 38. Rxh6 Nf5 39. Rh7 Ra2 40. g4 Nxe3 41. Kg3 Nc2 42. Kf4 Nxd4 43. Ke5 Nf3+ 44. Kf4 Rxf2 45. Kg3 Rf1 46. Nd7+ Ke8 47. Nc5 Ng5 48. Ra7 e5 49. Nxa4 Rg1+ 50. Kf2 Rxg4 51. Nb6 Rd4 52. Ke3 Ne6 53. Nd7 Re4+ 54. Kd2 Kd8 55. Nf6 Rd4+ 56. Ke3 Nc7 57. Rb7 Rh4 58. Ra7 Rh6 59. Nxd5 Nxd5+ 60. Ke4 Ne7 61. Ra8+ Kd7 62. Kxe5 Rh5+ 63. Ke4 Kd6 64. Ra6+ Nc6 1/2-1/2

[Event "SLO-chT1 East"]
[Site "Celje"]
[Date "2008.12.22"]
[Round "9"]
[White "Breznik, Kristijan"]
[Black "Slogar, Dubravko"]
[Result "1/2-1/2"]
[WhiteElo "2167"]
[BlackElo "2356"]
[PlyCount "24"]
[EventDate "2008.11.20"]
[EventType "team-tourn"]
[EventRounds "9"]
[EventCountry "SLO"]
[SourceTitle "EXT 2010"]
[Source "ChessBase"]
[SourceDate "2010.11.25"]
[SourceVersion "1"]
[SourceVersionDate "2010.11.25"]
[SourceQuality "1"]

1. e4 e5 2. Nf3 Nc6 3. Bc4 Be7 4. c3 Nf6 5. d3 0-0 6. Bb3 d6 7. Nbd2 Na5 8. Bc2 c5 9. 0-0 b5 10. Re1 Qc7 11. Nf1 Re8 12. Ng3 Bf8 1/2-1/2